000 00593nam a2200193 a 4500
001 000012306
005 20240530073913.0
008 091111s1972 dr 000 f spa d
040 _aDO-SdBNP
_bspa
_cBNPHU
082 _aRD863.44
_bE77r
100 1 _aEspinal Durán, Ernesto
_928969
245 1 3 _aDe reina a sirvienta /
_cErnesto Espinal Durán.
260 _a[Santo Domingo :
_bs. n.,
_c1972?].
300 _a70 p. ;
_c22 cm.
590 _aInventariado, 2020 /LP
650 0 _aNovela dominicana
_9223
650 0 _aLiteratura dominicana.
_967
910 _aValidado. Control de calidad BNPHU.
999 _c11963
_d11963